|
|
|
|
| LEADER |
00000nab a2200000 4500 |
| 005 |
20160328163321.0 |
| 008 |
150903b2003 cr f|||| |||| 00| 0 spa d |
| 090 |
|
|
|a REVIS 06.02.01
|
| 100 |
1 |
|
|9 965
|a Zambrana Moral, Patricia
|
| 245 |
1 |
0 |
|a Buenaventura Delgado, historia de la infancia /
|c Patricia Zambrana Moral
|
| 260 |
|
|
|a San José, Costa Rica :
|b Editorial Universidad de Costa Rica,
|c 2003
|
| 300 |
|
|
|a páginas 217-222
|
| 650 |
1 |
4 |
|9 1
|a EDUCACIÓN
|
| 773 |
0 |
|
|d San José, Costa Rica : Editorial de la Universidad de Costa Rica, 1997-
|o R0190
|t EDUCACIÓN: Revista de la Universidad de Costa Rica
|g Vol.27, no.1 (2003)
|
| 942 |
|
|
|h REVIS 06.02.01
|2 z
|c 10
|
| 999 |
|
|
|c 2849
|d 2849
|